| 000 | 00526nam a22001817a 4500 | ||
|---|---|---|---|
| 005 | 20251108164948.0 | ||
| 008 | 250721s1963 xx 000 0 ara d | ||
| 082 | 1 | 4 | _a658/هيي |
| 100 | 1 | _aهييل، كارل | |
| 245 | 1 | 0 | _aقياس الإدارة / |
| 264 | 1 |
_aالقاهرة : _bدار الكرنك، _c1963. |
|
| 300 | _a197ص | ||
| 490 | 0 | _aالمكتبة الصناعية عدد 11 | |
| 650 | 1 | 7 | _aإدارة الأعمال |
| 700 | 1 |
_aالقباني، عمر _eترجمة |
|
| 942 |
_2ddc _cBK |
||
| 999 |
_c18496 _d18496 |
||